[Event "London Golders Green op 3rd"]
[Site "London"]
[Date "2014.05.04"]
[Round "6"]
[White "Farzaliyev, Kanan"]
[Black "Barasi, Paul Dl"]
[Result "1-0"]
[WhiteElo "1919"]
[BlackElo "1862"]
[PlyCount "73"]
[EventDate "2014.05.03"]
[EventType "swiss"]
[EventRounds "6"]
[EventCountry "ENG"]
[SourceTitle "EXT 2018"]
[Source "ChessBase"]
[SourceDate "2017.10.13"]
[SourceVersion "1"]
[SourceVersionDate "2017.10.13"]
[SourceQuality "1"]

1. e4 c5 2. Nf3 a6 3. d4 cxd4 4. Nxd4 Nf6 5. Nc3 e5 6. Nb3 Bb4 7. Bd3 d5 8. exd5 Nxd5 9. 0-0 Nxc3 10. bxc3 Bxc3 11. Ba3 Bxa1 12. Qxa1 Nc6 13. Be4 Qf6 14. Bxc6+ bxc6 15. Re1 Be6 16. Qc3 Bd5 17. Rxe5+ Kd8 18. Be7+ Qxe7 19. Rxe7 Kxe7 20. Qe5+ Kf8 21. Nc5 f6 22. Qd6+ Kf7 23. Qd7+ Kg6 24. Nd3 h5 25. Nf4+ Kh6 26. Qf5 Bf7 27. h4 Rhe8 28. f3 Re5 29. Qd7 Be8 30. Qc7 c5 31. g4 hxg4 32. fxg4 g5 33. Qd6 Kg7 34. hxg5 Rxg5 35. Ne6+ Kg6 36. Nxg5 Kxg5 37. Qd5+ 1-0

[Event "London Golders Green op 3rd"]
[Site "London"]
[Date "2014.05.04"]
[Round "4"]
[White "Farzaliyev, Kanan"]
[Black "Cannon, Richard James"]
[Result "1-0"]
[WhiteElo "1919"]
[BlackElo "2071"]
[PlyCount "79"]
[EventDate "2014.05.03"]
[EventType "swiss"]
[EventRounds "6"]
[EventCountry "ENG"]
[SourceTitle "EXT 2018"]
[Source "ChessBase"]
[SourceDate "2017.10.13"]
[SourceVersion "1"]
[SourceVersionDate "2017.10.13"]
[SourceQuality "1"]

1. e4 e6 2. d4 d5 3. Nc3 Nf6 4. e5 Nfd7 5. f4 c5 6. Nf3 Nc6 7. Be3 cxd4 8. Nxd4 Nxd4 9. Bxd4 Nb8 10. Bd3 Nc6 11. Bf2 b6 12. 0-0 Bc5 13. Qg4 g6 14. a3 a6 15. Kh1 Bb7 16. Bh4 Be7 17. Bxe7 Qxe7 18. Ne2 Rc8 19. c3 Na5 20. Nd4 Nc4 21. Qe2 0-0 22. Rae1 b5 23. Rf3 Rfd8 24. Rh3 Kg7 25. f5 exf5 26. Nxf5+ gxf5 27. Bxf5 h6 28. Qh5 Rh8 29. Rg3+ Kf8 30. Qg4 Qg5 31. Bxc8 Qxg4 32. Bxg4 h5 33. Bh3 Nxb2 34. e6 fxe6 35. Bxe6 Bc6 36. Rf3+ Kg7 37. Ref1 Re8 38. Rg3+ Kh7 39. Rf7+ Kh8 40. Rf6 1-0

[Event "London Golders Green op 3rd"]
[Site "London"]
[Date "2014.05.04"]
[Round "3"]
[White "Hudson, Julian"]
[Black "Farzaliyev, Kanan"]
[Result "1-0"]
[WhiteElo "1894"]
[BlackElo "1919"]
[PlyCount "65"]
[EventDate "2014.05.03"]
[EventType "swiss"]
[EventRounds "6"]
[EventCountry "ENG"]
[SourceTitle "EXT 2018"]
[Source "ChessBase"]
[SourceDate "2017.10.13"]
[SourceVersion "1"]
[SourceVersionDate "2017.10.13"]
[SourceQuality "1"]

1. e4 c5 2. c3 d5 3. exd5 Qxd5 4. d4 cxd4 5. cxd4 Nf6 6. Nc3 Qd8 7. Be3 e6 8. Nf3 Nc6 9. a3 Be7 10. Bd3 0-0 11. 0-0 b6 12. Rc1 Bb7 13. Qe2 a6 14. Rfd1 Nd5 15. Bb1 Nxc3 16. Rxc3 Qd5 17. Qc2 g6 18. b4 Bf6 19. Ba2 Qd7 20. Ne5 Bxe5 21. dxe5 Qc7 22. Rd6 Rfd8 23. Qd2 Rxd6 24. exd6 Qd7 25. Bxb6 Rc8 26. h3 Ne7 27. Rxc8+ Nxc8 28. Bc5 Nb6 29. Qg5 Nd5 30. Bxd5 exd5 31. Qf6 Qe6 32. Qxe6 fxe6 33. d7 1-0

[Event "London Golders Green op 3rd"]
[Site "London"]
[Date "2014.05.03"]
[Round "1"]
[White "Georghiou, Paul T"]
[Black "Farzaliyev, Kanan"]
[Result "1-0"]
[WhiteElo "2257"]
[BlackElo "1919"]
[PlyCount "79"]
[EventDate "2014.05.03"]
[EventType "swiss"]
[EventRounds "6"]
[EventCountry "ENG"]
[SourceTitle "EXT 2018"]
[Source "ChessBase"]
[SourceDate "2017.10.13"]
[SourceVersion "1"]
[SourceVersionDate "2017.10.13"]
[SourceQuality "1"]

1. d4 Nf6 2. Nf3 g6 3. c4 Bg7 4. Nc3 d6 5. Bg5 0-0 6. e3 c6 7. Be2 Nbd7 8. Qc2 a6 9. 0-0 b5 10. a3 Nb6 11. c5 Nbd7 12. b4 d5 13. a4 bxa4 14. Rxa4 h6 15. Bh4 Bb7 16. Rfa1 Qc8 17. Qa2 g5 18. Bg3 Ne4 19. Nxe4 dxe4 20. Nd2 Nf6 21. Bxa6 Bxa6 22. Rxa6 Rxa6 23. Qxa6 Nd5 24. b5 cxb5 25. Qxb5 f5 26. c6 e6 27. Bd6 Rd8 28. Qb7 Bf8 29. Nc4 Bxd6 30. Nxd6 Qc7 31. Nb5 Qf7 32. c7 Nxc7 33. Qxc7 Rd7 34. Ra8+ Kh7 35. Ra7 Rxc7 36. Rxc7 Kg6 37. Rxf7 Kxf7 38. f3 e5 39. dxe5 Ke6 40. f4 1-0

[Event "Hampstead op U2200 11-B"]
[Site "Hampstead"]
[Date "2013.12.01"]
[Round "4"]
[White "Hewitt, Robert"]
[Black "Farzaliyev, Kanan"]
[Result "0-1"]
[WhiteElo "1594"]
[BlackElo "1927"]
[PlyCount "46"]
[EventDate "2013.11.30"]
[EventType "swiss"]
[EventRounds "5"]
[EventCountry "ENG"]
[SourceTitle "EXT 2015"]
[Source "ChessBase"]
[SourceDate "2014.11.20"]
[SourceVersion "1"]
[SourceVersionDate "2014.11.20"]
[SourceQuality "1"]

1. e4 c5 2. Nf3 d6 3. d4 cxd4 4. Nxd4 Nf6 5. Nc3 g6 6. Bc4 Bg7 7. 0-0 0-0 8. Be3 Nc6 9. f4 Ng4 10. Nxc6 bxc6 11. Bd4 e5 12. fxe5 c5 13. Bf2 Bxe5 14. h3 Nxf2 15. Bxf7+ Rxf7 16. Qd5 Bb7 17. Qc4 Bd4 18. Kh2 Kg7 19. Rad1 d5 20. exd5 Qd6+ 21. g3 Ba6 22. Nb5 Bxb5 23. Qxb5 Raf8 0-1

[Event "Hampstead op U2200 11-B"]
[Site "Hampstead"]
[Date "2013.11.30"]
[Round "1"]
[White "Farzaliyev, Kanan"]
[Black "Samadov, Samir"]
[Result "1-0"]
[WhiteElo "1927"]
[BlackElo "1594"]
[PlyCount "103"]
[EventDate "2013.11.30"]
[EventType "swiss"]
[EventRounds "5"]
[EventCountry "ENG"]
[SourceTitle "EXT 2015"]
[Source "ChessBase"]
[SourceDate "2014.11.20"]
[SourceVersion "1"]
[SourceVersionDate "2014.11.20"]
[SourceQuality "1"]

1. e4 e6 2. d4 d5 3. exd5 exd5 4. c4 c6 5. Nc3 Nf6 6. Nf3 Bg4 7. Be2 Be7 8. 0-0 0-0 9. c5 b6 10. b4 Ne4 11. Bb2 f5 12. h3 Bh5 13. Ne5 Nxc3 14. Bxc3 Bxe2 15. Qxe2 Bf6 16. f4 Re8 17. Qf3 Qc7 18. b5 bxc5 19. dxc5 Rd8 20. Rad1 Bxe5 21. Bxe5 Qf7 22. a4 Qd7 23. Bd6 Qf7 24. Rfe1 Rd7 25. bxc6 Nxc6 26. Rxd5 Rc8 27. Rd2 Na5 28. Qd5 Qxd5 29. Rxd5 g6 30. Rde5 Nc4 31. Re7 Rxe7 32. Rxe7 a5 33. Ra7 Re8 34. Be7 Rc8 35. Kf2 Rb8 36. c6 Rc8 37. c7 Kf7 38. Bd8 Ke6 39. Ra6+ Kf7 40. Ke2 Kg7 41. Kd3 Nb2+ 42. Kd4 Nxa4 43. Rxa5 Nb6 44. Kc5 Na8 45. Kc6 Nxc7 46. Bxc7 Rf8 47. Be5+ Kh6 48. Ra7 Rg8 49. g4 fxg4 50. hxg4 g5 51. f5 Ra8 52. Bg7# 1-0

[Event "Hampstead op U2200 07"]
[Site "Hampstead"]
[Date "2013.07.21"]
[Round "4"]
[White "Farzaliyev, Kanan"]
[Black "Haridas, Girinath"]
[Result "1-0"]
[WhiteElo "2050"]
[BlackElo "1755"]
[PlyCount "115"]
[EventDate "2013.07.20"]
[EventType "swiss"]
[EventRounds "5"]
[EventCountry "ENG"]
[SourceTitle "EXT 2023"]
[Source "ChessBase"]
[SourceDate "2022.10.05"]
[SourceVersion "1"]
[SourceVersionDate "2022.10.05"]
[SourceQuality "1"]

1. e4 c5 2. Nf3 d6 3. d4 cxd4 4. Nxd4 Nf6 5. Nc3 g6 6. Be3 Bg7 7. f3 0-0 8. Qd2 Nc6 9. Bc4 Bd7 10. 0-0-0 Rb8 11. Bb3 Na5 12. Bh6 b5 13. Bxg7 Kxg7 14. h4 e5 15. Nde2 b4 16. Nd5 Nxb3+ 17. axb3 Qa5 18. Kb1 Nxd5 19. Qxd5 Qxd5 20. Rxd5 Rb6 21. Rhd1 Bb5 22. Ng3 Rc8 23. Rxd6 Rb7 24. R6d5 f6 25. Nf1 a6 26. Ne3 Rbc7 27. R1d2 Rf8 28. Rd6 Rb7 29. Nd5 a5 30. Ne3 Rc8 31. Rd8 Rcc7 32. Ra8 Ra7 33. Rxa7 Rxa7 34. c4 Bc6 35. Rd6 Rc7 36. Nd5 Bxd5 37. exd5 Kf7 38. Ra6 Rc5 39. Ra7+ Ke8 40. Rxh7 a4 41. Rb7 axb3 42. Rxb4 f5 43. Kc1 Kd7 44. Kd2 Rc8 45. Kc3 Rh8 46. c5 f4 47. Rb7+ Kc8 48. Re7 Rxh4 49. Rxe5 Rh1 50. Kxb3 Rg1 51. Rg5 Rc1 52. Kb4 Rc2 53. b3 Rd2 54. d6 Rd4+ 55. Kb5 Rd3 56. b4 Kb8 57. Rxg6 Ka8 58. Kb6 1-0

[Event "Hampstead op U2200 07"]
[Site "Hampstead"]
[Date "2013.07.20"]
[Round "2"]
[White "Farzaliyev, Kanan"]
[Black "Larios, Rafael"]
[Result "1-0"]
[WhiteElo "2050"]
[BlackElo "1610"]
[PlyCount "85"]
[EventDate "2013.07.20"]
[EventType "swiss"]
[EventRounds "5"]
[EventCountry "ENG"]
[SourceTitle "EXT 2023"]
[Source "ChessBase"]
[SourceDate "2022.10.05"]
[SourceVersion "1"]
[SourceVersionDate "2022.10.05"]
[SourceQuality "1"]

1. e4 c5 2. Nf3 g6 3. d4 cxd4 4. Nxd4 Bg7 5. Be3 Nc6 6. Nc3 Nf6 7. f3 d5 8. Bb5 0-0 9. 0-0 Nxd4 10. Bxd4 dxe4 11. fxe4 Bg4 12. Qd3 a6 13. Bc4 Qc7 14. h3 Be6 15. Bxe6 fxe6 16. Qe3 Qc4 17. Rad1 Rad8 18. Bc5 Nh5 19. Rxf8+ Rxf8 20. Rd3 Bxc3 21. Rxc3 Qf1+ 22. Kh2 Nf4 23. Qf2 Qd1 24. Rf3 g5 25. Bxe7 Rf7 26. Bxg5 Nxh3 27. Kxh3 Qh1+ 28. Kg3 Qh5 29. Rxf7 Qxg5+ 30. Kh2 Qh5+ 31. Kg1 Qxf7 32. Qxf7+ Kxf7 33. Kf2 e5 34. Kf3 Kg6 35. Kg4 b5 36. b3 b4 37. Kh4 h5 38. g4 hxg4 39. Kxg4 Kf6 40. Kh5 Ke6 41. Kg6 a5 42. Kg5 Kd7 43. Kf5 1-0